000 00784 a2200193 4500
999 _c10477
_d10477
020 _a9781472469922 (hardback : alk. paper)
050 0 0 _aBL65. XU 2016
100 1 _aXu, Zhiqiu,
_eauthor.
245 1 0 _aNatural theology reconfigured :
_bConfucian axiology and American pragmatism /
_cZhiqiu Xu.
264 1 _aLondon ;
_aNew York :
_bRoutledge,
_c2016.
300 _ax, 182 pages ;
500 _aIncludes bibliographical references (pages 171-178) and index.
504 _aIncludes bibliographical references (pages 171-178) and index.
650 0 _aNature
_xReligious aspects.
650 0 _aConfucianism.
650 0 _aChristianity
942 _2lcc
_cBK
_h65
_iXU
_kBL